History Quiz

Random History or Famous Quiz

Finish the Famous Quote II Quiz Stats

Quiz Updated May 31, 2015

Challenge
Share
Tweet
Embed
Score 0/28 Timer 06:00
5 Plays Today
% Correct
Enough
98.3%
Happened
97.9%
Water
96.1%
Sweet
96%
One
95.2%
Vici
94.8%
Else
94.7%
Hour
94.3%
Equal
94.1%
Feel
93.6%
Landed
93.6%
Succeed
93.6%
Tomorrow
93.5%
Plans
93.4%
% Correct
Fist
93.2%
Together
92.4%
Impossible
92.4%
Bullet
91.3%
Believe
91.2%
Tread
91.2%
Subtlety
91.1%
Heart
90.2%
Teach
90.2%
Fools
89.5%
Courage
88.9%
Friend
85.7%
World
84.9%
Please
81%

You're not logged in!

Compare scores with friends on all Sporcle quizzes.
Join for Free
OR
Log In

You Might Also Like...

Show Comments

Extras

Top Quizzes Today


Score Distribution

Your Account Isn't Verified!

In order to create a playlist on Sporcle, you need to verify the email address you used during registration. Go to your Sporcle Settings to finish the process.

Report this User

Report this user for behavior that violates our Community Guidelines.

Details: